000 00478nam a2200181Ia 4500
008 151202s9999||||xx |||||||||||||| ||und||
082 _bPNVM-8686
100 _a---
245 _aTHE GURDWARA REFORM MOVEMENT & THE SIKH AWAKENING.
260 _b---
260 _c0
300 _a287
600 _a---
630 _aTHE GURDWARA REFORM MOVEMENT & THE SIKH AWAKENING.
700 _a---
730 _aTHE GURDWARA REFORM MOVEMENT & THE SIKH AWAKENING.
942 _cBOOK
999 _c1274675
_d1274672